000 01578cam a2200169 4500500
005 20260208024311.0
041 _afre
042 _adc
100 1 0 _aMarmet, Carole
_eauthor
245 0 0 _aLes damnés de la caisse. Grève dans un hypermarché, par Marlène Benquet(Ed. du croquant, 2011, 236 p.) ; Les chômeurs de Moulinex, par Manuella Roupnel-Fuentes(PUF, 2011, 359 p.)
260 _c2013.
500 _a77
520 _aInvestigations menées à Paris et en région parisienne dans des « relais sociaux », partenaires de l’association La culture est à tous. Sont abordés ici, entre autres, les rapports que les travailleurs sociaux entretiennent eux-mêmes avec la culture et ce qu’ils en attendent pour ce qui est des publics dont ils ont la responsabilité. Les réflexions se situent en toute proximité d’une frontière toujours discutée entre animation socioculturelle et travail social.
520 _aInvestigations conducted in Paris and the Paris region in « social springboards » partners of the association La culture est à tous [Culture is for everybody]. Among others reports that social workers themselves keep with the culture and what they expect from it in terms of the publics for whom they are responsible are discussed here. Reflections are in the immediate vicinity of an alwayscontroversial boundary between sociocultural and social work.
786 0 _nLe Sociographe | 41 | 1 | 2013-03-01 | p. 126a-139a | 1297-6628
856 4 1 _uhttps://shs.cairn.info/revue-le-sociographe-2013-1-page-126a?lang=fr&redirect-ssocas=7080
999 _c1661630
_d1661630